00820na a2200253 450000100060000000300080000600500170001400800410003102000180007204000250009004100080011508200250012309000240014824500530017224600400022526000510026530000190031665000310033570000240036674000400039094200130043095201060044399900170054924533MIRAKIL20181213155336.0181128b tu 000 0  a9789944174763 aMilasbturcTR-AnCHP atur a818.4203bÇ36 2008 a818.4203 Ç36 2008 aÇerkez Ethem'in anılarıceditor Ahmet Seyrek abir kahraman mı yoksa bir hain mi? aİstanbulbNokta kitapc2008fKilim matbaası a240 s.c21 sm. aTürk edebiyatıxAnılar aSeyrek, Ahmet eed. aBir kahraman mı yoksa bir hain mi? 2dcccBKS a0001b0001d2018-11-28e2l0o818.4203 Ç36 2008p018448r2018-11-28 00:00:00v0.00w2018-11-28yBKS c10877d10877